Sports Quiz

Random Sports or NBA Quiz

NBA 10,000 Points for One Team Quiz Stats

Quiz Updated Dec 13, 2017

Challenge
Share
Tweet
Embed
Score 0/142 Timer 15:00
9 Plays Today
Points NBA Player % Correct
29,277Michael Jordan
94.4%
21,632LeBron James
91.6%
33,643Kobe Bryant
90.3%
17,707Magic Johnson
88.2%
10,606Joe Johnson
87.3%
12,747Kevin Johnson
87.3%
36,374Karl Malone
87.3%
10,980Marques Johnson
87.2%
10,146Vinnie Johnson
87.2%
11,119Moses Malone
87%
13,895Shaquille O'Neal
86.7%
21,791Larry Bird
86.7%
11,083Jeff Malone
86.4%
15,123Scottie Pippen
86.3%
19,931Allen Iverson
86%
25,192Jerry West
85.1%
26,496Tim Duncan
84.5%
17,783Wilt Chamberlain
83.8%
17,566Kevin Durant
83.5%
14,211Kareem Abdul-Jabbar
83.4%
24,176Kareem Abdul-Jabbar
83.4%
20,790David Robinson
79.9%
30,964Dirk Nowitzki
79.8%
12,010Glenn Robinson
79.3%
10,405Clifford Robinson
79.2%
19,201Kevin Garnett
79%
19,711John Stockton
78.9%
18,822Isiah Thomas
78.4%
24,021Paul Pierce
77.8%
10,186Carmelo Anthony
77.6%
18,574Tony Parker
77.1%
23,655Patrick Ewing
76.1%
10,712Steve Nash
75.1%
13,694Stephen Curry
75%
18,364Julius Erving
74.2%
20,221Dwyane Wade
73.8%
15,755Russell Westbrook
73.8%
14,184Charles Barkley
73.8%
18,040Clyde Drexler
73.7%
26,511Hakeem Olajuwon
73.7%
13,970Carmelo Anthony
73.7%
10,106Marc Gasol
73.6%
14,522Bill Russell
73.6%
25,279Reggie Miller
73%
23,292Dominique Wilkins
70.6%
17,335Kevin McHale
68.1%
22,009Oscar Robertson
67.1%
18,207Gary Payton
66.5%
Points NBA Player % Correct
13,653Manu Ginobili
65.9%
10,371Josh Smith
65.5%
12,735Randy Smith
65.4%
11,435Dwight Howard
62.2%
16,320James Worthy
60.7%
18,245Robert Parish
60.3%
26,395John Havlicek
60.1%
15,411Sam Jones
59.9%
10,148Shawn Kemp
59.8%
16,401Joe Dumars
58.4%
10,440Buck Williams
58.3%
16,955Bob Cousy
57.4%
11,035Amar'e Stoudemire
56.2%
19,383George Gervin
55.7%
10,275Chris Bosh
53.3%
23,149Elgin Baylor
53%
16,235Chris Mullin
48.7%
11,582Richard Hamilton
48.7%
14,617Walt Frazier
48.4%
12,036DeMar DeRozan
48.3%
10,565Blake Griffin
48.2%
10,255Mike Conley
47.9%
21,645Alex English
47.6%
12,183Willis Reed
46.9%
16,447Rick Barry
46.1%
20,880Bob Pettit
43.9%
15,666Walter Davis
43.8%
12,665Bill Laimbeer
41.1%
11,554Michael Redd
41.1%
12,134Shawn Marion
39.6%
15,551Elvin Hayes
38.4%
12,070Mitch Richmond
38%
12,562LaMarcus Aldridge
37.9%
11,386Antoine Walker
36.7%
13,635Adrian Dantley
36.6%
11,762Elvin Hayes
36%
10,156George Mikan
35.7%
12,780Byron Scott
34.4%
10,624Wes Unseld
34.3%
12,623Bob Love
34.2%
11,165Allan Houston
33.2%
11,330Terry Porter
32.5%
10,251Rashard Lewis
32.3%
12,871Rik Smits
32%
13,192Dave Cowens
30.2%
10,650Nick Anderson
30.1%
13,188Jo Jo White
30%
10,894Tiny Archibald
29.7%
Points NBA Player % Correct
10,389Brad Daugherty
28.7%
18,438Dolph Schayes
28.6%
13,930Mark Aguirre
28.6%
12,389Michael Finley
28.6%
10,429Maurice Cheeks
28.1%
11,699Red Kerr
26.9%
13,044Gail Goodrich
26.4%
15,235Dave Bing
26.1%
12,194Tom Heinsohn
25.7%
10,616Zydrunas Ilgauskas
25.4%
12,597Derek Harper
24.8%
10,006Tayshaun Prince
24.7%
21,586Hal Greer
24.7%
15,488Bob Lanier
24.2%
14,018Fred Brown
24.2%
11,594Sidney Moncrief
21.8%
16,643Rolando Blackman
21.3%
10,582Kevin Willis
21.3%
13,626Billy Cunningham
20.4%
12,034Jack Sikma
20.4%
17,949Calvin Murphy
19.6%
16,266Paul Arizin
19.3%
14,659Dan Issel
18.6%
10,286Luol Deng
18.2%
13,191Nate Thurmond
18%
12,287Bill Sharman
16.7%
13,910Alvan Adams
16.4%
10,067Jerome Kersey
15.9%
10,601Jamaal Wilkes
14.6%
10,233Jerry Sloan
12.9%
10,265Austin Carr
12.8%
16,049Lou Hudson
12.4%
13,383Rudy Tomjanovich
11.9%
11,478Bob Dandridge
11.4%
10,003Jim Paxson
10.2%
15,840Jack Twyman
9.3%
12,391Darrell Griffith
7.9%
10,023Neil Johnston
6.8%
10,392Richie Guerin
6.4%
12,060Dick Van Arsdale
6.3%
13,447Cliff Hagan
6.1%
12,621John Drew
5.7%
10,063Vern Mikkelsen
5.5%
11,894Purvis Short
4.8%
12,547Jeff Mullins
4.5%
10,449Carl Braun
2.1%

You're not logged in!

Compare scores with friends on all Sporcle quizzes.
Sign Up with Email
OR
Log In

You Might Also Like...

Show Comments

Extras

Top Quizzes Today


Score Distribution

Your Account Isn't Verified!

In order to create a playlist on Sporcle, you need to verify the email address you used during registration. Go to your Sporcle Settings to finish the process.